<?xml version="1.0" encoding="UTF-8"?>
<record
    xmlns:xsi="http://www.w3.org/2001/XMLSchema-instance"
    xsi:schemaLocation="http://www.loc.gov/MARC21/slim http://www.loc.gov/standards/marcxml/schema/MARC21slim.xsd"
    xmlns="http://www.loc.gov/MARC21/slim">

  <leader>00711nam a2200193 a 4500</leader>
  <controlfield tag="001">BRCA_1667</controlfield>
  <controlfield tag="005">20190320203512.0</controlfield>
  <controlfield tag="008">020508s1973----sp-a---###---#000-0#eng-#</controlfield>
  <datafield tag="050" ind1=" " ind2="4">
    <subfield code="a">N2030</subfield>
    <subfield code="b">.M87 1973</subfield>
  </datafield>
  <datafield tag="245" ind1="1" ind2="0">
    <subfield code="a">Le Muse&#xE9; du Louvre</subfield>
    <subfield code="b">Guide General</subfield>
    <subfield code="c">Marie-Th&#xE9;r&#xE8;se Barrelet et G&#xE9;rard Hubert assistants des Mus&#xE9;es Nationaux ; translated by Miss D. M. Windett.</subfield>
  </datafield>
  <datafield tag="260" ind1=" " ind2=" ">
    <subfield code="a">Paris</subfield>
    <subfield code="b">L&#xB4; Indispensable</subfield>
    <subfield code="c">1973</subfield>
  </datafield>
  <datafield tag="300" ind1=" " ind2=" ">
    <subfield code="a">228 p.</subfield>
    <subfield code="b">il. blanco y negro</subfield>
    <subfield code="c">15 cm.</subfield>
  </datafield>
  <datafield tag="610" ind1="2" ind2="4">
    <subfield code="a">Muse&#xE9; du Louvre</subfield>
    <subfield code="v">Gu&#xED;as</subfield>
    <subfield code="9">5197</subfield>
  </datafield>
  <datafield tag="650" ind1="1" ind2="4">
    <subfield code="a">Museos de arte</subfield>
    <subfield code="v">Gu&#xED;as</subfield>
    <subfield code="z">Francia - Paris</subfield>
    <subfield code="9">5198</subfield>
  </datafield>
  <datafield tag="700" ind1="1" ind2=" ">
    <subfield code="a">Barrelet, Marie-Th&#xE9;r&#xE8;se</subfield>
    <subfield code="9">5199</subfield>
  </datafield>
  <datafield tag="700" ind1="1" ind2=" ">
    <subfield code="a">Hubert, G&#xE9;rard</subfield>
    <subfield code="9">5200</subfield>
  </datafield>
  <datafield tag="700" ind1="1" ind2=" ">
    <subfield code="a">Windett, Miss D. M</subfield>
    <subfield code="9">5201</subfield>
  </datafield>
  <datafield tag="942" ind1=" " ind2=" ">
    <subfield code="2">lcc</subfield>
    <subfield code="c">B</subfield>
  </datafield>
  <datafield tag="999" ind1=" " ind2=" ">
    <subfield code="c">1463</subfield>
    <subfield code="d">1463</subfield>
  </datafield>
  <datafield tag="952" ind1=" " ind2=" ">
    <subfield code="0">0</subfield>
    <subfield code="1">0</subfield>
    <subfield code="4">0</subfield>
    <subfield code="7">0</subfield>
    <subfield code="a">BRCA</subfield>
    <subfield code="b">BRCA</subfield>
    <subfield code="d">2008-06-27</subfield>
    <subfield code="l">0</subfield>
    <subfield code="o">N2030 .M87 1973</subfield>
    <subfield code="p">02240</subfield>
    <subfield code="r">2019-03-22 00:00:00</subfield>
    <subfield code="w">2019-03-22</subfield>
    <subfield code="y">B</subfield>
  </datafield>
</record>
